000
00350nam a2200133Ia 4500
008
100328s9999 xx 000 0 und d
082
_b
45015
100
_a
मंत्री रमेश
245
_a
महानगर
260
_b
मॅजेस्टिक
630
_a
महानगर
730
_a
महानगर
942
_c
BOOK
999
_c
533217
_d
533214